000 01235nam a22003617a 4500
003 CHAP
005 20220817040957.0
008 971013s1990 r 00010 d
010 _a3870
011 _a4842
035 _a4046
040 _cCHAP
090 _aFolleto 12652
100 0 0 _aTut y Couoh, Casiano.
_9115700
245 _aGuía para cultivar maíz de riego en la región de Valsequillo, Puebla
260 _aCholula, Pue. :
_bINIFAP. Centro de Investigaciones Forestales y Agropecuarias de Puebla,
_c1990
300 _a10 p
490 _aINIA. México. CIANO. Folleto para productores : 6
500 _aD51-197
590 _aBATCH-UPD
_b10
_c20130110
_lUCH01
_h0303
590 _aBATCH-UPD
_b10
_c20130110
_lUCH01
_h2051
590 _aBATCH-UPD
_b10
_c20130409
_lUCH01
_h2334
590 _aBATCH-UPD
_b10
_c20130410
_lUCH01
_h1404
590 _aBATCH-UPD
_b10
_c20130914
_lUCH01
_h1748
590 _aCONVERSION
_b10
_c20130109
_lUCH01
_h1303
650 1 4 _aMaíz
_xIrrigación.
_970998
650 1 4 _aMaíz
_xRendimiento.
_971051
650 1 4 _aMaíz
_zPuebla.
830 0 _aINIA. México. CIANO. Folleto para productores : 6
_958574
901 _aBK
942 _cFOLL
949 _aFolleto 12652
_bBC
_cFOLL
_d-13577
_eTS1
_i4046
_si
999 _c3870
_d3870